[Event "45th FIDE Chess Olympiad Open"]
[Site "Budapest, Hungary"]
[Date "2024.09.21"]
[Round "10"]
[White "Rodshtein, Maxim"]
[Black "Mohammad Fahad, Rahman"]
[Result "1-0"]
[Board "101"]
[WhiteFideId "2806851"]
[BlackFideId "10207791"]
[WhiteTitle "GM"]
[BlackTitle "IM"]
[WhiteElo "2600"]
[BlackElo "2419"]
[WhiteTeam "Israel"]
[BlackTeam "Bangladesh"]
[WhiteClock "0:00:53"]
[BlackClock "0:02:30"]
[Variant "Standard"]

1. c4 {[%clk 1:30:52]}  Nf6 {[%clk 1:30:34]} 2. Nc3 {[%clk 1:30:24]}  g6 {[%clk 1:30:07]} 3. e4 {[%clk 1:29:48]}  d6 {[%clk 1:30:23]} 4. d4 {[%clk 1:29:59]}  Bg7 {[%clk 1:30:44]} 5. Be2 {[%clk 1:27:53]}  O-O {[%clk 1:30:41]} 6. Nf3 {[%clk 1:27:59]}  e5 {[%clk 1:28:43]} 7. d5 {[%clk 1:28:01]}  Na6 {[%clk 1:27:32]} 8. Bg5 {[%clk 1:24:23]}  h6 {[%clk 1:25:45]} 9. Bh4 {[%clk 1:24:12]}  g5 {[%clk 1:25:04]} 10. Bg3 {[%clk 1:24:28]}  Nc5 {[%clk 1:24:55]} 11. Nd2 {[%clk 1:23:34]}  a5 {[%clk 1:24:12]} 12. f3 {[%clk 1:08:10]}  Nh5 {[%clk 1:11:57]} 13. Bf2 {[%clk 1:05:26]}  Nf4 {[%clk 1:11:55]} 14. Bxc5 {[%clk 1:03:04]}  dxc5 {[%clk 1:12:22]} 15. g3 {[%clk 1:02:01]}  Ng6 {[%clk 1:10:39]} 16. Bd3 {[%clk 0:57:00]}  Bd7 {[%clk 0:56:22]} 17. Nf1 {[%clk 0:41:36]}  Ne7 {[%clk 0:56:05]} 18. Ne3 {[%clk 0:39:07]}  Nc8 {[%clk 0:56:15]} 19. Qe2 {[%clk 0:36:47]}  Nd6 {[%clk 0:56:20]} 20. h4 {[%clk 0:36:45]}  a4 {[%clk 0:41:53]} 21. a3 {[%clk 0:32:35]}  Ra6 {[%clk 0:36:47]} 22. O-O-O {[%clk 0:26:33]}  Rb6 {[%clk 0:29:58]} 23. Bc2 {[%clk 0:25:52]}  gxh4 {[%clk 0:25:31]} 24. Rxh4 {[%clk 0:21:09]}  Qg5 {[%clk 0:25:32]} 25. Kb1 {[%clk 0:21:02]}  f5 {[%clk 0:15:53]} 26. Nxf5 {[%clk 0:16:13]}  Nxf5 {[%clk 0:11:46]} 27. exf5 {[%clk 0:16:21]}  e4 {[%clk 0:12:09]} 28. Bxe4 {[%clk 0:07:07]}  Bxf5 {[%clk 0:09:32]} 29. Nxa4 {[%clk 0:07:07]}  Rb3 {[%clk 0:09:03]} 30. Rf4 {[%clk 0:05:14]}  Bd7 {[%clk 0:07:45]} 31. Rxf8+ {[%clk 0:01:50]}  Kxf8 {[%clk 0:08:08]} 32. Nxc5 {[%clk 0:01:24]}  Rxb2+ {[%clk 0:08:29]} 33. Qxb2 {[%clk 0:01:52]}  Bxb2 {[%clk 0:08:57]} 34. Nxd7+ {[%clk 0:01:56]}  Ke7 {[%clk 0:08:38]} 35. Kxb2 {[%clk 0:02:24]}  Kxd7 {[%clk 0:07:18]} 36. g4 {[%clk 0:02:05]}  Kd6 {[%clk 0:07:37]} 37. Kb3 {[%clk 0:01:54]}  Qe3+ {[%clk 0:06:58]} 38. Rd3 {[%clk 0:01:53]}  Qb6+ {[%clk 0:07:12]} 39. Kc2 {[%clk 0:01:36]}  Qa6 {[%clk 0:04:53]} 40. Rc3 {[%clk 0:01:26]}  b6 {[%clk 0:02:07]} 41. Bf5 {[%clk 0:19:38]}  Qa4+ {[%clk 0:31:53]} 42. Kd2 {[%clk 0:16:29]}  Kc5 {[%clk 0:31:50]} 43. Bc2 {[%clk 0:16:20]}  Qa8 {[%clk 0:31:10]} 44. Be4 {[%clk 0:07:02]}  Qa5 {[%clk 0:17:46]} 45. Kd3 {[%clk 0:07:03]}  Qa4 {[%clk 0:18:08]} 46. Ke3 {[%clk 0:06:12]}  Qa5 {[%clk 0:16:28]} 47. Kd3 {[%clk 0:05:38]}  Qa4 {[%clk 0:16:22]} 48. Ke3 {[%clk 0:05:59]}  Qd1 {[%clk 0:15:37]} 49. Rc2 {[%clk 0:06:24]}  Qa1 {[%clk 0:16:02]} 50. Kf4 {[%clk 0:05:55]}  Kd6 {[%clk 0:16:00]} 51. Kg3 {[%clk 0:05:07]}  Ke5 {[%clk 0:15:11]} 52. a4 {[%clk 0:03:50]}  Qg1+ {[%clk 0:13:15]} 53. Rg2 {[%clk 0:04:18]}  Qe1+ {[%clk 0:13:30]} 54. Rf2 {[%clk 0:04:20]}  Kd4 {[%clk 0:12:31]} 55. Kg2 {[%clk 0:04:37]}  Ke3 {[%clk 0:07:12]} 56. Rc2 {[%clk 0:04:39]}  Qa1 {[%clk 0:07:26]} 57. c5 {[%clk 0:04:36]}  bxc5 {[%clk 0:07:31]} 58. Rxc5 {[%clk 0:05:04]}  Qxa4 {[%clk 0:02:56]} 59. Rxc7 {[%clk 0:05:16]}  Qa5 {[%clk 0:03:21]} 60. Rc2 {[%clk 0:04:17]}  Qe1 {[%clk 0:03:19]} 61. Ra2 {[%clk 0:00:57]}  Kf4 {[%clk 0:02:52]} 62. Rc2 {[%clk 0:00:58]}  Ke3 {[%clk 0:02:39]} 63. Ra2 {[%clk 0:00:34]}  Kf4 {[%clk 0:02:15]} 64. Rc2 {[%clk 0:00:33]}  Ke3 {[%clk 0:01:06]} 65. Ra2 {[%clk 0:00:35]}  Qc1 {[%clk 0:01:03]} 66. Rc2 {[%clk 0:00:34]}  Qa1 {[%clk 0:01:31]} 67. Rc6 {[%clk 0:00:34]}  Qb2+ {[%clk 0:01:40]} 68. Bc2 {[%clk 0:00:32]}  Qc1 {[%clk 0:01:16]} 69. Re6+ {[%clk 0:00:48]}  Kf4 {[%clk 0:01:33]} 70. Re2 {[%clk 0:00:57]}  Qa3 {[%clk 0:01:15]} 71. Re4+ {[%clk 0:01:09]}  Kg5 {[%clk 0:01:39]} 72. Re5+ {[%clk 0:01:16]}  Kf4 {[%clk 0:01:46]} 73. Re4+ {[%clk 0:01:00]}  Kg5 {[%clk 0:02:14]} 74. Kg3 {[%clk 0:00:50]}  Qc3 {[%clk 0:02:30]} 75. Re6 {[%clk 0:00:53]} 1-0

[Event "45th FIDE Chess Olympiad Open"]
[Site "Budapest, Hungary"]
[Date "2024.09.21"]
[Round "10"]
[White "Manon, Reja Neer"]
[Black "Gorshtein, Ido"]
[Result "1-0"]
[Board "102"]
[WhiteFideId "10224009"]
[BlackFideId "2815532"]
[WhiteTitle "FM"]
[BlackTitle "GM"]
[WhiteElo "2417"]
[BlackElo "2543"]
[WhiteTeam "Bangladesh"]
[BlackTeam "Israel"]
[WhiteClock "0:01:00"]
[BlackClock "0:03:36"]
[Variant "Standard"]

1. e4 {[%clk 1:30:50]}  c6 {[%clk 1:30:56]} 2. d4 {[%clk 1:30:39]}  d5 {[%clk 1:31:20]} 3. Nd2 {[%clk 1:31:06]}  dxe4 {[%clk 1:31:42]} 4. Nxe4 {[%clk 1:31:35]}  Nf6 {[%clk 1:31:50]} 5. Nxf6+ {[%clk 1:31:58]}  exf6 {[%clk 1:32:15]} 6. c3 {[%clk 1:32:23]}  Bd6 {[%clk 1:32:38]} 7. Bd3 {[%clk 1:32:50]}  O-O {[%clk 1:32:58]} 8. Qc2 {[%clk 1:33:19]}  Re8+ {[%clk 1:33:20]} 9. Ne2 {[%clk 1:33:47]}  h6 {[%clk 1:33:40]} 10. O-O {[%clk 1:34:05]}  Nd7 {[%clk 1:33:59]} 11. Bf4 {[%clk 1:32:20]}  Nf8 {[%clk 1:34:13]} 12. Bxd6 {[%clk 1:31:35]}  Qxd6 {[%clk 1:34:40]} 13. Ng3 {[%clk 1:32:00]}  g6 {[%clk 1:19:44]} 14. Rfe1 {[%clk 1:28:24]}  Be6 {[%clk 1:06:47]} 15. Ne4 {[%clk 1:26:50]}  Qd8 {[%clk 1:07:09]} 16. Nc5 {[%clk 1:21:35]}  b6 {[%clk 1:02:54]} 17. Nxe6 {[%clk 1:20:34]}  Nxe6 {[%clk 1:03:11]} 18. Bc4 {[%clk 0:58:32]}  Qd7 {[%clk 1:01:31]} 19. Re3 {[%clk 0:54:02]}  Kg7 {[%clk 1:00:29]} 20. Rae1 {[%clk 0:42:45]}  Nc7 {[%clk 1:00:41]} 21. h4 {[%clk 0:39:59]}  Rxe3 {[%clk 1:00:24]} 22. Rxe3 {[%clk 0:40:26]}  Re8 {[%clk 1:00:25]} 23. Rxe8 {[%clk 0:30:33]}  Nxe8 {[%clk 0:59:58]} 24. Qe2 {[%clk 0:30:18]}  Nd6 {[%clk 0:59:58]} 25. Bd3 {[%clk 0:30:46]}  a5 {[%clk 0:58:03]} 26. g3 {[%clk 0:30:19]}  a4 {[%clk 0:48:13]} 27. c4 {[%clk 0:30:18]}  b5 {[%clk 0:37:05]} 28. b3 {[%clk 0:28:47]}  a3 {[%clk 0:32:21]} 29. h5 {[%clk 0:27:01]}  g5 {[%clk 0:25:58]} 30. c5 {[%clk 0:24:54]}  Ne8 {[%clk 0:20:18]} 31. Qe3 {[%clk 0:10:49]}  Kf8 {[%clk 0:14:40]} 32. Be4 {[%clk 0:10:03]}  Nc7 {[%clk 0:13:33]} 33. Bf3 {[%clk 0:04:47]}  b4 {[%clk 0:08:49]} 34. Qd2 {[%clk 0:03:14]}  Kg7 {[%clk 0:06:26]} 35. Qxb4 {[%clk 0:02:44]}  Ne6 {[%clk 0:04:14]} 36. d5 {[%clk 0:01:56]}  cxd5 {[%clk 0:04:36]} 37. Qxa3 {[%clk 0:02:21]}  Nd4 {[%clk 0:04:55]} 38. Bd1 {[%clk 0:02:01]}  Qe7 {[%clk 0:01:50]} 39. Qa5 {[%clk 0:01:38]}  Qe4 {[%clk 0:01:20]} 40. Qd2 {[%clk 0:01:04]}  Ne6 {[%clk 0:00:50]} 41. b4 {[%clk 0:24:34]}  f5 {[%clk 0:25:53]} 42. c6 {[%clk 0:20:26]}  f4 {[%clk 0:24:35]} 43. b5 {[%clk 0:16:17]}  d4 {[%clk 0:20:17]} 44. Qe2 {[%clk 0:11:34]}  Qb1 {[%clk 0:18:50]} 45. Kg2 {[%clk 0:08:40]}  d3 {[%clk 0:17:30]} 46. Qe5+ {[%clk 0:08:26]}  Kg8 {[%clk 0:16:56]} 47. Bg4 {[%clk 0:02:37]}  d2 {[%clk 0:15:37]} 48. Qd5 {[%clk 0:01:36]}  fxg3 {[%clk 0:13:25]} 49. fxg3 {[%clk 0:01:58]}  Qc2 {[%clk 0:12:31]} 50. Kh3 {[%clk 0:02:28]}  Nc7 {[%clk 0:09:47]} 51. Qd8+ {[%clk 0:00:50]}  Kg7 {[%clk 0:10:16]} 52. Qd4+ {[%clk 0:00:48]}  Kg8 {[%clk 0:10:24]} 53. Qd8+ {[%clk 0:01:06]}  Kg7 {[%clk 0:10:52]} 54. Qd4+ {[%clk 0:01:11]}  Kg8 {[%clk 0:11:21]} 55. a4 {[%clk 0:00:52]}  Ne6 {[%clk 0:10:23]} 56. Qd5 {[%clk 0:00:44]}  Nc7 {[%clk 0:08:37]} 57. Qd8+ {[%clk 0:01:12]}  Kg7 {[%clk 0:09:00]} 58. Qd4+ {[%clk 0:00:58]}  Kg8 {[%clk 0:09:23]} 59. Be2 {[%clk 0:00:39]}  Ne6 {[%clk 0:09:22]} 60. Qd5 {[%clk 0:01:03]}  Qc3 {[%clk 0:07:41]} 61. Kg2 {[%clk 0:00:59]}  Qb2 {[%clk 0:06:35]} 62. Kf2 {[%clk 0:00:32]}  Nd4 {[%clk 0:05:12]} 63. Bd1 {[%clk 0:00:40]}  Ne6 {[%clk 0:05:04]} 64. Ke3 {[%clk 0:00:48]}  Qa3+ {[%clk 0:03:52]} 65. Qd3 {[%clk 0:01:00]}  Qe7 {[%clk 0:04:04]} 66. Kxd2 {[%clk 0:01:15]}  Nc5 {[%clk 0:04:27]} 67. Qc4 {[%clk 0:00:44]}  Qe5 {[%clk 0:04:03]} 68. Kc2 {[%clk 0:00:38]}  Qf5+ {[%clk 0:03:53]} 69. Kb2 {[%clk 0:00:45]}  Nd3+ {[%clk 0:04:06]} 70. Ka3 {[%clk 0:00:39]}  Ne5 {[%clk 0:03:41]} 71. Qc3 {[%clk 0:00:53]}  Qe6 {[%clk 0:03:41]} 72. Bb3 {[%clk 0:00:39]}  Qd6+ {[%clk 0:03:36]} 73. Ka2 {[%clk 0:01:00]} 1-0

[Event "45th FIDE Chess Olympiad Open"]
[Site "Budapest, Hungary"]
[Date "2024.09.21"]
[Round "10"]
[White "Zia, Tahsin Tajwar"]
[Black "Postny, Evgeny"]
[Result "0-1"]
[Board "104"]
[WhiteFideId "10211888"]
[BlackFideId "2804344"]
[WhiteTitle "FM"]
[BlackTitle "GM"]
[WhiteElo "2255"]
[BlackElo "2577"]
[WhiteTeam "Bangladesh"]
[BlackTeam "Israel"]
[WhiteClock "0:31:44"]
[BlackClock "0:21:27"]
[Variant "Standard"]

1. d4 {[%clk 1:30:41]}  d5 {[%clk 1:30:52]} 2. c4 {[%clk 1:31:02]}  c6 {[%clk 1:31:18]} 3. Nf3 {[%clk 1:31:26]}  Nf6 {[%clk 1:31:42]} 4. Nc3 {[%clk 1:31:27]}  dxc4 {[%clk 1:31:49]} 5. e4 {[%clk 1:31:50]}  b5 {[%clk 1:32:06]} 6. Be2 {[%clk 1:32:14]}  e6 {[%clk 1:32:14]} 7. O-O {[%clk 1:32:38]}  a5 {[%clk 1:29:46]} 8. Qc2 {[%clk 1:25:42]}  Be7 {[%clk 1:21:01]} 9. Rb1 {[%clk 1:08:06]}  Ba6 {[%clk 1:10:47]} 10. Re1 {[%clk 0:47:53]}  h6 {[%clk 1:01:52]} 11. Bf4 {[%clk 0:30:29]}  O-O {[%clk 0:58:16]} 12. Rbd1 {[%clk 0:27:57]}  Re8 {[%clk 0:52:48]} 13. Ne5 {[%clk 0:26:33]}  Bf8 {[%clk 0:41:20]} 14. Bf3 {[%clk 0:21:47]}  Nfd7 {[%clk 0:33:17]} 15. d5 {[%clk 0:08:12]}  Qf6 {[%clk 0:27:27]} 16. Nxd7 {[%clk 0:07:20]}  Nxd7 {[%clk 0:26:45]} 17. dxc6 {[%clk 0:05:39]}  Nc5 {[%clk 0:12:59]} 18. Bc7 {[%clk 0:03:42]}  e5 {[%clk 0:08:52]} 19. Nd5 {[%clk 0:02:50]}  Qxc6 {[%clk 0:09:16]} 20. Bxa5 {[%clk 0:03:14]}  Bb7 {[%clk 0:09:15]} 21. b4 {[%clk 0:02:40]}  cxb3 {[%clk 0:06:47]} 22. axb3 {[%clk 0:03:04]}  Rxa5 {[%clk 0:07:13]} 23. b4 {[%clk 0:03:30]}  Ra4 {[%clk 0:07:06]} 24. bxc5 {[%clk 0:03:27]}  Bxc5 {[%clk 0:06:33]} 25. Rc1 {[%clk 0:02:31]}  Rc4 {[%clk 0:06:48]} 26. Qb2 {[%clk 0:02:18]}  Bd4 {[%clk 0:03:17]} 27. Qa3 {[%clk 0:02:42]}  Kh7 {[%clk 0:02:58]} 28. Bh5 {[%clk 0:02:35]}  Ra8 {[%clk 0:01:05]} 29. Rxc4 {[%clk 0:02:19]}  Rxa3 {[%clk 0:01:05]} 30. Rxc6 {[%clk 0:02:43]}  Bxc6 {[%clk 0:01:32]} 31. Bxf7 {[%clk 0:03:01]}  Rd3 {[%clk 0:00:47]} 32. Nb4 {[%clk 0:02:29]}  Rd2 {[%clk 0:01:11]} 33. Nxc6 {[%clk 0:02:54]}  Bxf2+ {[%clk 0:01:35]} 34. Kf1 {[%clk 0:03:21]}  Bxe1 {[%clk 0:01:59]} 35. Kxe1 {[%clk 0:03:47]}  Rxg2 {[%clk 0:02:20]} 36. Nxe5 {[%clk 0:03:41]}  g5 {[%clk 0:02:13]} 37. h3 {[%clk 0:03:29]}  Kg7 {[%clk 0:02:26]} 38. Be8 {[%clk 0:02:36]}  b4 {[%clk 0:02:31]} 39. Ba4 {[%clk 0:02:54]}  Rg3 {[%clk 0:02:26]} 40. Kd2 {[%clk 0:03:09]}  Rxh3 {[%clk 0:02:38]} 41. Nd3 {[%clk 0:03:34]}  g4 {[%clk 0:24:15]} 42. Nxb4 {[%clk 0:33:01]}  g3 {[%clk 0:21:07]} 43. Ke2 {[%clk 0:31:52]}  Rh4 {[%clk 0:21:08]} 44. Bc6 {[%clk 0:31:44]}  Rf4 {[%clk 0:21:27]} 0-1

[Event "45th FIDE Chess Olympiad Open"]
[Site "Budapest, Hungary"]
[Date "2024.09.21"]
[Round "10"]
[White "Bogner, Sebastian"]
[Black "Amartuvshin, Ganzorig"]
[Result "1-0"]
[Board "105"]
[WhiteFideId "4692055"]
[BlackFideId "4902548"]
[WhiteTitle "GM"]
[BlackTitle "IM"]
[WhiteElo "2545"]
[BlackElo "2402"]
[WhiteTeam "Switzerland"]
[BlackTeam "Mongolia"]
[WhiteClock "0:10:26"]
[BlackClock "0:42:11"]
[Variant "Standard"]

1. e4 {[%clk 1:30:57]}  e5 {[%clk 1:30:54]} 2. Nf3 {[%clk 1:31:24]}  Nc6 {[%clk 1:31:20]} 3. Bc4 {[%clk 1:31:50]}  Bc5 {[%clk 1:31:44]} 4. d3 {[%clk 1:31:26]}  Nf6 {[%clk 1:32:07]} 5. Nbd2 {[%clk 1:31:19]}  O-O {[%clk 1:31:02]} 6. O-O {[%clk 1:31:42]}  d6 {[%clk 1:27:35]} 7. c3 {[%clk 1:30:40]}  a6 {[%clk 1:27:16]} 8. a4 {[%clk 1:31:01]}  Ba7 {[%clk 1:27:08]} 9. h3 {[%clk 1:30:51]}  h6 {[%clk 1:23:33]} 10. Re1 {[%clk 1:30:55]}  Be6 {[%clk 1:20:12]} 11. Bxe6 {[%clk 1:30:11]}  fxe6 {[%clk 1:20:03]} 12. Nf1 {[%clk 1:26:02]}  Nh5 {[%clk 1:18:22]} 13. b4 {[%clk 1:19:49]}  Qf6 {[%clk 1:16:57]} 14. Ra2 {[%clk 1:13:45]}  Nf4 {[%clk 1:14:15]} 15. Bxf4 {[%clk 1:01:51]}  Qxf4 {[%clk 1:14:22]} 16. N1h2 {[%clk 1:01:38]}  Ne7 {[%clk 1:06:53]} 17. Kh1 {[%clk 1:00:43]}  Qf7 {[%clk 1:05:38]} 18. g3 {[%clk 1:01:04]}  Ng6 {[%clk 0:52:50]} 19. Kg2 {[%clk 1:00:29]}  Qd7 {[%clk 0:51:28]} 20. h4 {[%clk 0:57:49]}  Rac8 {[%clk 0:48:44]} 21. Qb3 {[%clk 0:40:58]}  Rf6 {[%clk 0:41:32]} 22. Ng4 {[%clk 0:37:18]}  Rf7 {[%clk 0:39:59]} 23. h5 {[%clk 0:36:28]}  Rcf8 {[%clk 0:38:51]} 24. Ngh2 {[%clk 0:30:06]}  Ne7 {[%clk 0:38:09]} 25. Rf1 {[%clk 0:30:28]}  Kh7 {[%clk 0:31:18]} 26. Nh4 {[%clk 0:30:17]}  Rg8 {[%clk 0:30:36]} 27. a5 {[%clk 0:21:05]}  g5 {[%clk 0:29:29]} 28. hxg6+ {[%clk 0:16:43]}  Nxg6 {[%clk 0:29:53]} 29. Nxg6 {[%clk 0:17:10]}  Rxg6 {[%clk 0:30:15]} 30. Qd1 {[%clk 0:16:39]}  Qe7 {[%clk 0:29:48]} 31. Rh1 {[%clk 0:15:12]}  Qf8 {[%clk 0:26:39]} 32. Ng4 {[%clk 0:13:33]}  Qg7 {[%clk 0:25:30]} 33. Rh4 {[%clk 0:13:35]}  c5 {[%clk 0:24:08]} 34. bxc5 {[%clk 0:07:23]}  Bxc5 {[%clk 0:24:32]} 35. f3 {[%clk 0:05:40]}  Be3 {[%clk 0:21:46]} 36. Qe2 {[%clk 0:02:22]}  Bg5 {[%clk 0:22:08]} 37. Rh1 {[%clk 0:02:33]}  Rc7 {[%clk 0:22:19]} 38. c4 {[%clk 0:01:48]}  Rf7 {[%clk 0:21:37]} 39. Rh5 {[%clk 0:01:27]}  Qf8 {[%clk 0:21:26]} 40. Ra1 {[%clk 0:01:29]}  Qd8 {[%clk 0:20:50]} 41. Qb2 {[%clk 0:28:32]}  Qc7 {[%clk 0:48:53]} 42. Qb4 {[%clk 0:27:21]}  Bf6 {[%clk 0:45:16]} 43. Rah1 {[%clk 0:26:51]}  Bg5 {[%clk 0:42:32]} 44. Rxg5 {[%clk 0:19:43]}  Rxg5 {[%clk 0:42:55]} 45. Nxh6 {[%clk 0:19:51]}  Rfg7 {[%clk 0:43:19]} 46. Nf7+ {[%clk 0:19:43]}  Kg8 {[%clk 0:43:44]} 47. Nxg5 {[%clk 0:20:08]}  Rxg5 {[%clk 0:44:07]} 48. Qb6 {[%clk 0:18:57]}  Qxb6 {[%clk 0:43:58]} 49. axb6 {[%clk 0:19:25]}  Rg7 {[%clk 0:43:37]} 50. Kf2 {[%clk 0:18:47]}  Rd7 {[%clk 0:41:43]} 51. Rh6 {[%clk 0:16:49]}  Re7 {[%clk 0:40:44]} 52. Ke3 {[%clk 0:16:57]}  Kg7 {[%clk 0:41:08]} 53. Rh5 {[%clk 0:11:55]}  Rd7 {[%clk 0:41:25]} 54. f4 {[%clk 0:11:27]}  exf4+ {[%clk 0:41:45]} 55. gxf4 {[%clk 0:11:48]}  Rd8 {[%clk 0:42:11]} 56. d4 {[%clk 0:10:26]} 1-0

[Event "45th FIDE Chess Olympiad Open"]
[Site "Budapest, Hungary"]
[Date "2024.09.21"]
[Round "10"]
[White "Chinguun, Sumiya"]
[Black "Pelletier, Yannick"]
[Result "1/2-1/2"]
[Board "106"]
[WhiteFideId "4902572"]
[BlackFideId "1301837"]
[WhiteTitle "FM"]
[BlackTitle "GM"]
[WhiteElo "2389"]
[BlackElo "2526"]
[WhiteTeam "Mongolia"]
[BlackTeam "Switzerland"]
[WhiteClock "0:42:37"]
[BlackClock "0:17:24"]
[Variant "Standard"]

1. e4 {[%clk 1:30:56]}  e6 {[%clk 1:30:52]} 2. d4 {[%clk 1:31:21]}  d5 {[%clk 1:31:14]} 3. Nc3 {[%clk 1:31:47]}  Nf6 {[%clk 1:31:28]} 4. e5 {[%clk 1:32:13]}  Nfd7 {[%clk 1:31:50]} 5. f4 {[%clk 1:32:37]}  c5 {[%clk 1:32:14]} 6. Nf3 {[%clk 1:33:04]}  Nc6 {[%clk 1:32:21]} 7. Be3 {[%clk 1:33:26]}  cxd4 {[%clk 1:32:07]} 8. Nxd4 {[%clk 1:33:48]}  Bc5 {[%clk 1:32:32]} 9. Qd2 {[%clk 1:32:55]}  Nxd4 {[%clk 1:32:46]} 10. Bxd4 {[%clk 1:33:17]}  Bxd4 {[%clk 1:33:13]} 11. Qxd4 {[%clk 1:33:36]}  Qb6 {[%clk 1:33:39]} 12. Qxb6 {[%clk 1:25:34]}  Nxb6 {[%clk 1:33:55]} 13. Nb5 {[%clk 1:18:45]}  Ke7 {[%clk 1:32:26]} 14. O-O-O {[%clk 1:18:10]}  Bd7 {[%clk 1:31:53]} 15. Nd4 {[%clk 1:18:09]}  a6 {[%clk 1:28:43]} 16. h4 {[%clk 1:17:47]}  h5 {[%clk 1:23:08]} 17. Rh3 {[%clk 1:16:57]}  Rab8 {[%clk 1:20:24]} 18. Rg3 {[%clk 1:12:47]}  g6 {[%clk 1:20:31]} 19. b3 {[%clk 1:11:11]}  Nc8 {[%clk 1:17:24]} 20. a4 {[%clk 1:07:50]}  Na7 {[%clk 1:17:21]} 21. Kb2 {[%clk 1:05:00]}  Rhc8 {[%clk 1:14:17]} 22. Be2 {[%clk 1:00:00]}  Nc6 {[%clk 1:03:08]} 23. Nxc6+ {[%clk 0:59:17]}  Bxc6 {[%clk 1:01:49]} 24. Rd4 {[%clk 0:58:15]}  a5 {[%clk 0:41:37]} 25. Rc3 {[%clk 0:56:46]}  Bd7 {[%clk 0:41:12]} 26. g3 {[%clk 0:48:30]}  Rc6 {[%clk 0:27:13]} 27. Re3 {[%clk 0:48:07]}  Rc5 {[%clk 0:24:21]} 28. c4 {[%clk 0:43:01]}  Bc6 {[%clk 0:20:34]} 29. Rc3 {[%clk 0:42:35]}  dxc4 {[%clk 0:17:31]} 30. Rcxc4 {[%clk 0:42:15]}  Rxc4 {[%clk 0:17:24]} 31. Bxc4 {[%clk 0:42:37]} 1/2-1/2

[Event "45th FIDE Chess Olympiad Open"]
[Site "Budapest, Hungary"]
[Date "2024.09.21"]
[Round "10"]
[White "Peng, Li Min"]
[Black "Baasansuren, Erdene"]
[Result "1/2-1/2"]
[Board "107"]
[WhiteFideId "14112620"]
[BlackFideId "4902084"]
[WhiteTitle "GM"]
[BlackTitle "FM"]
[WhiteElo "2514"]
[BlackElo "2368"]
[WhiteTeam "Switzerland"]
[BlackTeam "Mongolia"]
[WhiteClock "0:24:06"]
[BlackClock "0:17:02"]
[Variant "Standard"]

1. d4 {[%clk 1:30:33]}  Nf6 {[%clk 1:30:52]} 2. c4 {[%clk 1:30:52]}  e6 {[%clk 1:31:13]} 3. Nc3 {[%clk 1:31:17]}  Bb4 {[%clk 1:31:34]} 4. e3 {[%clk 1:31:33]}  O-O {[%clk 1:31:50]} 5. Bd2 {[%clk 1:31:44]}  d5 {[%clk 1:31:26]} 6. Nf3 {[%clk 1:32:06]}  b6 {[%clk 1:29:09]} 7. cxd5 {[%clk 1:32:30]}  exd5 {[%clk 1:29:29]} 8. Rc1 {[%clk 1:32:54]}  Bb7 {[%clk 1:25:09]} 9. Bd3 {[%clk 1:33:15]}  a6 {[%clk 1:24:15]} 10. Ne5 {[%clk 1:33:32]}  Bd6 {[%clk 1:23:58]} 11. f4 {[%clk 1:33:56]}  c5 {[%clk 1:24:19]} 12. Qf3 {[%clk 1:34:13]}  Nc6 {[%clk 1:20:55]} 13. Qh3 {[%clk 1:34:38]}  h6 {[%clk 1:03:07]} 14. Ne2 {[%clk 1:28:25]}  Ne4 {[%clk 1:02:15]} 15. Nxc6 {[%clk 1:23:01]}  Bxc6 {[%clk 1:02:16]} 16. Bxe4 {[%clk 1:22:58]}  dxe4 {[%clk 1:02:13]} 17. dxc5 {[%clk 1:17:00]}  Bxc5 {[%clk 0:51:06]} 18. Bc3 {[%clk 1:00:52]}  Qd5 {[%clk 0:28:47]} 19. Kf2 {[%clk 0:46:00]}  Bb5 {[%clk 0:20:51]} 20. Nd4 {[%clk 0:36:12]}  Bd7 {[%clk 0:19:19]} 21. Qg3 {[%clk 0:36:28]}  f6 {[%clk 0:19:28]} 22. Nb3 {[%clk 0:35:22]}  Be6 {[%clk 0:16:30]} 23. Rhd1 {[%clk 0:34:19]}  Qf5 {[%clk 0:16:45]} 24. Nd4 {[%clk 0:24:17]}  Bxd4 {[%clk 0:16:54]} 25. Bxd4 {[%clk 0:24:44]}  Bxa2 {[%clk 0:17:03]} 26. Rc7 {[%clk 0:25:08]}  Rf7 {[%clk 0:17:18]} 27. Rdc1 {[%clk 0:25:26]}  Rd8 {[%clk 0:16:57]} 28. Kg1 {[%clk 0:23:53]}  Kh7 {[%clk 0:16:41]} 29. Qe1 {[%clk 0:23:41]}  Qb5 {[%clk 0:16:38]} 30. Rxf7 {[%clk 0:24:06]}  Bxf7 {[%clk 0:17:02]} 1/2-1/2

[Event "45th FIDE Chess Olympiad Open"]
[Site "Budapest, Hungary"]
[Date "2024.09.21"]
[Round "10"]
[White "Itgelt, Khuyagtsogt"]
[Black "Kurmann, Oliver"]
[Result "1/2-1/2"]
[Board "108"]
[WhiteFideId "4902912"]
[BlackFideId "1308173"]
[WhiteTitle "FM"]
[BlackTitle "IM"]
[WhiteElo "2412"]
[BlackElo "2421"]
[WhiteTeam "Mongolia"]
[BlackTeam "Switzerland"]
[WhiteClock "1:21:45"]
[BlackClock "1:31:56"]
[Variant "Standard"]

1. d4 {[%clk 1:30:57]}  Nf6 {[%clk 1:30:53]} 2. c4 {[%clk 1:31:22]}  e6 {[%clk 1:31:17]} 3. g3 {[%clk 1:31:48]}  d5 {[%clk 1:31:36]} 4. Bg2 {[%clk 1:32:11]}  Be7 {[%clk 1:31:55]} 5. Nf3 {[%clk 1:32:34]}  O-O {[%clk 1:32:17]} 6. O-O {[%clk 1:32:58]}  dxc4 {[%clk 1:32:19]} 7. Qc2 {[%clk 1:33:23]}  a6 {[%clk 1:32:37]} 8. a4 {[%clk 1:33:48]}  Nc6 {[%clk 1:32:36]} 9. Qxc4 {[%clk 1:33:31]}  Na5 {[%clk 1:32:57]} 10. Qc2 {[%clk 1:26:25]}  Nc6 {[%clk 1:33:15]} 11. Qc4 {[%clk 1:23:05]}  Na5 {[%clk 1:31:28]} 12. Qc2 {[%clk 1:21:45]}  Nc6 {[%clk 1:31:56]} 13. Qc4 {[%clk 1:21:45]} 1/2-1/2